00570cam a2200193 a 450000500170000000800410001701000140005802000260007203500130009803700130011104000080012408200100013210000180014224500380016026000510019827000480024930000290029750000500032620091107113722.0000504s2000 nik 000 0 eng d aENG-95372 a9788131306208c695.00 aEN-78905 bDBAD/PUB aDPL a155.4 aMishra, R. C. aChild psychology /cby R.C.Mishra aNew DelhibA.P.H. Publishing Corporationc2009 a4435-36/7, Ansari Road ,bNew Delhie110002 aviii, 286p. c22 cm.(Hb) aIncludes bibliographical references and index